| 000 | 01079nam0a22002531 4500 | ||
|---|---|---|---|
| 001 | rc\3807920 | ||
| 005 | 20120329112746.3 | ||
| 035 | _a(NLR Aleph) 007259213 | ||
| 090 |
_a5289121 _c5289121 |
||
| 100 | _a20120329d1975 |||y0rusy50 ca | ||
| 101 | 0 | _arus | |
| 102 | _aRU | ||
| 105 | _ay z ||||| | ||
| 200 | 1 |
_aЭффективность форм и методов пропаганды общественно-политической литературы в массовых библиотеках _e(Метод. рекомендации массовым б-кам) _fМ-во культуры РСФСР. Гос. публ. ист. б-ка. [Науч.-метод. отд.] |
|
| 210 |
_aМосква _cБ. и. _d1975 |
||
| 215 |
_a[1], 93 с. _d20 |
||
| 300 | _aНа обороте тит. л. сост.: А.А. Ремизов, Э.Г. Менджерицкая | ||
| 702 | 1 |
_aМенджерицкая _bЭ. Г. _4220 |
|
| 702 | 1 |
_aРемизов _bА. А. _4220 |
|
| 801 | 0 |
_aRU _bNLR _gpsbo |
|
| 801 | 1 |
_aRU _bELAR _2rusmarc |
|
| 852 |
_aNLR _jБ 8230/Э-949 |
||
| 942 | _cBOOK | ||
| 980 | _aNB | ||